Online
Catalog

NORTIC A5 2015: (Record no. 55058)

MARC details
000 -CABECERA
campo de control de longitud fija 01619nam a2200325 i 4500
003 - IDENTIFICADOR DEL NÚMERO DE CONTROL
campo de control DO-SdBNP
005 - FECHA Y HORA DE LA ÚLTIMA TRANSACCIÓN
campo de control 20250925135320.0
006 - CÓDIGOS DE INFORMACIÓN DE LONGITUD FIJA--CARACTERÍSTICAS DEL MATERIAL ADICIONAL
campo de control de longitud fija a||||gr|||| 00| 0
007 - CAMPO FIJO DE DESCRIPCIÓN FÍSICA--INFORMACIÓN GENERAL
campo de control de longitud fija ta
008 - DATOS DE LONGITUD FIJA--INFORMACIÓN GENERAL
campo de control de longitud fija 231003e2015 dr ad||| |||| 00| 0 spa d
040 ## - FUENTE DE LA CATALOGACIÓN
Centro catalogador/agencia de origen DO-SdBNP
Lengua de catalogación spa
Centro/agencia transcriptor BNPHU
Normas de descripción rda
082 #4 - NÚMERO DE LA CLASIFICACIÓN DECIMAL DEWEY
Número de edición 22
Número de documento/Ítem R426a
110 1# - ENTRADA PRINCIPAL--NOMBRE DE ENTIDAD CORPORATIVA
Nombre de entidad corporativa o nombre de jurisdicción como elemento de entrada República Dominicana. Oficina Presidencial de Tecnología de la Información y Comunicación.
Término indicativo de función/relación autor
9 (RLIN) 84352
245 10 - MENCIÓN DE TÍTULO
Título NORTIC A5 2015:
Resto del título norma sobre la prestación y automatización de los servicios públicos del Estado Dominicano. /
264 #1 - PRODUCCIÓN, PUBLICACIÓN, DISTRIBUCIÓN, FABRICACIÓN Y COPYRIGHT
Producción, publicación, distribución, fabricación y copyright Santo Domingo :
Nombre del de productor, editor, distribuidor, fabricante OPTIC.
-- MAP.
Fecha de producción, publicación, distribución, fabricación o copyright 2015
300 ## - DESCRIPCIÓN FÍSICA
Extensión 88 páginas :
Otras características físicas Ilustraciones, gráficas ;
Dimensiones 23 cm
336 ## - TIPO DE CONTENIDO
Fuente rdacontent
Término de tipo de contenido texto
Código de tipo de contenido txt
337 ## - TIPO DE MEDIO
Fuente rdamedia
Nombre/término del tipo de medio sin mediación
Código del tipo de medio n
338 ## - TIPO DE SOPORTE
Fuente rdacarrier
Nombre/término del tipo de soporte volumen
Código del tipo de soporte nc
490 ## - MENCIÓN DE SERIE
Mención de serie Categoría: A.
490 ## - MENCIÓN DE SERIE
Mención de serie Documento ;
Designación de volumen o secuencia 5
500 ## - NOTA GENERAL
Nota general Incluye glosario de términos y abreviaturas páginas 74- 85.
500 ## - NOTA GENERAL
Nota general Incluye bibliografía y notas al pié de páginas.
504 ## - NOTA DE BIBLIOGRAFÍA, ETC.
Nota de bibliografía, etc. Bibliografía: 86 - 88
505 ## - NOTA DE CONTENIDO CON FORMATO
Nota de contenido con formato Prólogo.
Información miscelánea Marco Legal.-- Introducción.
-- Capítulo I.
Título Norma sobre la Prestación y Autorización de los Servicios Públicos del Estado Dominicano.--
Información miscelánea Capítulo II.
Título Preparación de los Servicios Públicos.--
Información miscelánea Capítulo III.
Título Canales de Atención Ciudadana.--
Información miscelánea Capítulo IV.
Título Interoperatividad.--
-- Glosario de términos.--
-- Abreviaturas y acrónimos.--
590 ## - NOTA LOCAL (RLIN)
Nota local Inventariado 2023 / MF
650 #4 - PUNTO DE ACCESO ADICIONAL DE MATERIA--TÉRMINO DE MATERIA
Término de materia o nombre geográfico como elemento de entrada República Dominicana. Reglametos y Normas de la Conectividad
9 (RLIN) 84350
710 1# - PUNTO DE ACCESO ADICIONAL--NOMBRE DE ENTIDAD CORPORATIVA
Nombre de entidad corporativa o nombre de jurisdicción como elemento de entrada República Dominicana
Unidad subordinada Ministerio de Administración Pública
9 (RLIN) 65952
942 ## - ELEMENTOS DE PUNTO DE ACCESO ADICIONAL (KOHA)
Fuente del sistema de clasificación o colocación Dewey Decimal Classification
Tipo de ítem Koha Libro
Holdings
Estado de retiro Estado de pérdida Fuente del sistema de clasificación o colocación Restricciones de uso No para préstamo Código de colección Localización permanente Ubicación/localización actual Ubicación en estantería Fecha de adquisición Fuente de adquisición Total de préstamos Signatura topográfica completa Código de barras Fecha visto por última vez Precio válido a partir de Tipo de ítem Koha
    Dewey Decimal Classification Excluido de préstamo   Patrimonio Dominicano Biblioteca Nacional Pedro Henríquez Ureña Biblioteca Nacional Pedro Henríquez Ureña En catalogación 20.10.2017 Depósito Legal / Despacho   N881a 2023-6629 03.10.2023 03.10.2023 Libro

Powered by Koha